000
00260nam a22000977a 4500
008
131105b xxu||||| |||| 00| 0 eng d
020
_a
0070183139
_c
Available
050
_a
001.64DUN
245
_a
Software Defect Removal
_c
Dunn Robert
260
_a
USA
_b
McGraw-Hill
_c
1984
999
_c
23502
_d
23502